<The> Political and economic determinants of international trade flows in GLOBUS

Na minha lista:
Detalhes bibliográficos
Autor principal: Pollins, Brian M.
Formato: Livro
Idioma:inglês
Publicado em: Berlin Internationales Institut für Vergleichende Gesellschaftsforschung 1982
Tags: Adicionar Tag
Sem tags, seja o primeiro a adicionar uma tag!

MARC

LEADER 00000nam a2200000 4500
001 c114408
005 20190207163834.6
041 0 |a eng 
044 |a DE 
245 1 0 |a <The> Political and economic determinants of international trade flows in GLOBUS  |c Brian M. Pollins 
264 1 |a Berlin  |b Internationales Institut für Vergleichende Gesellschaftsforschung  |c 1982 
300 |a 25 s. 
100 1 |a Pollins, Brian M.